| 000 | 00609nam a2200193Ia 4500 | ||
|---|---|---|---|
| 003 | GCL | ||
| 008 | 140319s9999 xx 000 0 ara d | ||
| 040 |
_aGCL / _cGCL |
||
| 082 | 0 | 4 |
_a823م _bه ج |
| 100 | 1 | _aسامى خشبة(مترجم) | |
| 245 | 1 | 0 |
_aالجزيرة / _cسامى خشبة(مترجم) |
| 700 | 1 | _aهكسلى ، الدوس | |
| 260 |
_a[S.N] : _bالهيئة المصرية العامة للكتاب ، _c1987 |
||
| 300 | _a361 ص | ||
| 490 | _a | ||
| 650 | 0 | 4 | _aالقصص الامريكية المترجمة |
| 650 | 0 | 4 | _aالادب الامريكى المترجم |
| 942 |
_2ddc _cBK |
||
| 999 |
_c28004 _d28004 |
||